Statistics for Madonna MDNA TOUR: Europe cities

Click here to take the quiz!

General Stats

  • This quiz has been taken 65 times
  • The average score is 21 of 25

Answer Stats

CountryCity% Correct
ItalyRome
100%
United KingdomLondon
98%
GermanyBerlin
96%
IrelandDublin
94%
RussiaMoscow
94%
FranceParis
94%
The NetherlandsAmsterdam
93%
NorwayOslo
93%
SpainBarcelona
91%
DenmarkCopenhagen
91%
ItalyMilan
91%
UkraineKiev
89%
AustriaVienna
89%
FinlandHelsinki
87%
PolandWarsaw
87%
SwitzerlandZurich
85%
BelgiumBrussels
83%
FranceNice
76%
RussiaSt. Petersburg
70%
ItalyFlorence
69%
United KingdomEdinburgh
67%
United KingdomBirmingham
65%
GermanyCologne
57%
SwedenGothenburg
57%
PortugalCoimbra
37%

Score Distribution

Percentile by Number Answered

Percent of People with Each Score

Your Score History

You have not taken this quiz